| 000 | 00941nam a22002297a 4500 | ||
|---|---|---|---|
| 005 | 20170124103213.0 | ||
| 010 | _aB-141578 | ||
| 020 |
_c450.00 _a8172333943 |
||
| 035 | _aB-141578 | ||
| 037 | _bCen Lib/Ret | ||
| 040 |
_aDPL _bHN |
||
| 082 |
_a025.428 _bयादव |
||
| 100 |
_aयादव, श्रीराम _996834 |
||
| 245 |
_aपुस्तक लेखक सारणी / _cश्रीराम यादव |
||
| 246 |
_aPustak lekhak sarni / _bby Shriram Yadav |
||
| 260 |
_aजोधपुर _bसाइंटिफिक पब्लिशर्स _c2005 |
||
| 270 |
_bजोधपुर _e342 003 _a5-अ, न्यू पाली रोड, पो.बा.नं.91 |
||
| 300 |
_aviii,69पृ. _c28सेमी(सजिल्द) |
||
| 650 |
_aसारणी -- पुस्तक _x _z _945767 |
||
| 650 |
_aSchedule - Books _996835 |
||
| 942 |
_2ddc _cHN _h025.428 _mयादव |
||
| 999 |
_c121374 _d121374 |
||